000 00673nam a22002297a 4500
008 240702b mp ||||| |||| 00| 0 mon d
035 _a26713
040 _aZA2481090
_bmon
_cMN-UlNLM
_dMN-UlNLM
_erda
041 _amon
042 _a57734
084 _2NNA
_a84/0-44
_bД-39
100 _aДефо Д.
245 0 _aРобинзон Крузо
264 _aУлаабаатар
_bМХҮХ
_c2017
300 _a38х.
336 _2rdacontent
_atext
_btxt
337 _2rdamedia
_aunmediated
_bn
338 _2rdacarrier
_avolume
_bnc
490 _v2
942 _2NNA
_cBK
999 _c1094420
_d1094477